Caso. Dúdase si estos religiosos pueden por la bula de la Cruzada, eligir confesor que les absuelba de los pecados mortales no reservados

Detalles Bibliográficos
Formato: Libro
Publicado: s.l., s.f.
Materias:
Colección:Banco de datos
Acervo:Biblioteca Palafoxiana. Colección de Manuscritos
Descripción Física:1 f. ; 21 x 30 cm.
Tema general:Civil
LEADER 00437nam a22001330004500
035 |a 1427 
245 1 0 |a Caso. Dúdase si estos religiosos pueden por la bula de la Cruzada, eligir confesor que les absuelba de los pecados mortales no reservados 
260 |a s.l., s.f. 
300 |a 1 f. ; 21 x 30 cm.  
650 1 0 |a Civil 
949 |a 32280/182 
942 |c PALAMANU 
943 |g Biblioteca Palafoxiana. Colección de Manuscritos 
999 |c 1069372  |d 1069372